| 000 | 01078cac a2200301 a 4500 | ||
|---|---|---|---|
| 003 | CO-PeBPM | ||
| 005 | 20260421125517.0 | ||
| 007 | ta | ||
| 008 | 231129s9999||||xx |||||||||||||| ||spa|| | ||
| 020 | _a8475304990 | ||
| 040 |
_aCO-PeBPM _bspa _cCO-PeBPM _erda |
||
| 041 | _aspa | ||
| 082 | 0 | 4 |
_a183.1 P967fr _222 |
| 100 | 1 |
_aProtágoras. _eautor |
|
| 245 | 0 |
_a Fragmentos y testimonios _c/ Protágoras - Georgias; traducción del griego, introducción y notas por José Barrio Gutiérrez. |
|
| 250 | _aSegunda edición | ||
| 264 |
_a Barcelona, España _b: Ediciones Orbis _c, 1984 |
||
| 300 |
_a 237 páginas _c20 cm. |
||
| 490 |
_a Historia del pensamiento _v16 |
||
| 500 | _aIncluye índice al final del texto | ||
| 500 | _aContiene bibliografía al final del texto | ||
| 650 | 1 | 7 |
_a Filosofía antigua _2LEMB |
| 650 | 1 | 7 |
_aFilosofía griega _2LEMB |
| 650 | 1 | 7 |
_aSofistas (Filosofía) _2LEMB |
| 700 | 1 |
_aBarrio Gutiérrez, José _etraductor |
|
| 700 | 1 |
_aGeorgias de Leontini, 485-380 A de J.C. _ecoautor |
|
| 942 |
_2ddc _cBK |
||
| 999 |
_c14139 _d14139 |
||